| 000 | 00625nam a22002417a 4500 | ||
|---|---|---|---|
| 003 | UA-OsUOA | ||
| 001 | 29674 | ||
| 007 | ta | ||
| 008 | 20041022b un ||||| |||| 00| 0 ukr d | ||
| 100 | _aКаспрук А. | ||
| 090 |
_a82.09(477) _bК28 |
||
| 942 | _cBK | ||
| 040 |
_aUA-OsUOA _bukr _cUA-OsUOA _dUA-OsUOA |
||
| 245 |
_aЛеся Українка _bЛітературний портрет |
||
| 300 | _a104 с. | ||
| 955 | _a0 | ||
| 041 | _aukr | ||
| 080 | _a82.09(477) | ||
| 260 |
_aКиїв _bДерж. вид. художньої літератури _c1958 |
||
| 044 | _aUA | ||
| 650 | 7 | _2UDC | |
| 999 |
_c316069 _d316069 |
||